Memoria Primer Encuentro de Mujeres Campesinas /

Guardado en:
Bibliografiske detaljer
Autores Corporativos: Instituto de Desarrollo Agrario (Costa Rica), Instituto Tecnológico de Costa Rica, Centro Pro-Mujer (Costa Rica)
Format: Texto
Udgivet: San José: IDA
Tags: Tilføj Tag
Ingen Tags, Vær først til at tagge denne postø!

MARC

LEADER 00000 a a2200000 04500
001 15829
003
040
090 |a 014100  
110 |a Instituto de Desarrollo Agrario (Costa Rica)  
245 |a Memoria Primer Encuentro de Mujeres Campesinas /  |c Instituto de Desarrollo Agrario (Costa Rica)  
260 |a San José:   |b IDA  
300 |a 71 p.  
710 |a Instituto Tecnológico de Costa Rica  
710 |a Centro Pro-Mujer (Costa Rica)  
999 |c 12809  |d 12809